000 00764nam a2200229 i 4500
001 27156
003 ES-MaACL
005 20230906153553.0
007 t|
008 030113s1980 mx ||||1| spa d
020 _a968-16-0445-X
100 1 _aAxelos, Kostas.
_924096
245 1 0 _aHorizontes del mundo /
_cKostas Axelos ; [traducción de Aurelio Garzón del Camino].
250 _a[1ª ed. en español].
260 _aMéxico :
_bFondo de Cultura Económica,
_c1980.
300 _a151 p. ;
_c18 cm.
490 1 _aBreviarios del Fondo de Cultura Económica ;
_v290
700 1 _aGarzón del Camino, Aurelio.
_955821
830 0 _aBreviarios del Fondo de Cultura Económica ;
_v290
_9179682
852 _aES-MaACL
_jL-8406
_bR.109075
999 _c27156
_d27156